000 01020nam a2200217 a 4500
008 070827s2006 ||||||||||||||||| || u
050 _aHC 915 Zam
110 _aRepublic of Zambia. High Commission, New Delhi (India)
245 1 0 _aZambia at 42
_cproduced by Zambia High Commission, New Delhi (India)
260 _aNew Delhi
_bZambia High Commission, New Delhi (India)
_c2006
260 _aNew Delhi
_bHigh Commissioner of the Republic of Zambia
_c2006
300 _a84p.: ill.
350 _a0.00
650 _aECONOMIC INDICATORS--ZAMBIA--PERIODICALS
650 0 _aECONOMICS
650 0 _aZAMBIA--POLITICS AND GOVERNMENT
650 _aZAMBIA--ECONOMIC CONDITIONS--2006--PERIODICALS
650 _aZAMBIA
995 _aSPECIAL COLLECTIONS
_D0.00
_e737961
_FCBU-MAIN LIBRARY (Kitwe)
_H1
_I0.00
_jZAM HC 915 ZAM
_M2
_UAVAILABLE
_WOct 4, 2007
_y55602
_ZZambiana Collection
995 _aSPECIAL COLLECTIONS
_D0.00
_e737315
_FCBU-MAIN LIBRARY (Kitwe)
_H1
_I0.00
_jZAM HC 915 ZAM
_M1
_UAVAILABLE
_WAug 27, 2007
_y55295
_ZZambiana Collection
999 _c83375
_d83375